| 000 | 00433nam a22001697a 4500 | ||
|---|---|---|---|
| 003 | OSt | ||
| 005 | 20140310182210.0 | ||
| 008 | 130905t xxu||||| |||| 00| 0 eng d | ||
| 020 | _a9780545057578 | ||
| 050 |
_aGV 182.8 _b.F34 2007 |
||
| 082 |
_aHS 790.191 _b Om1 2007 |
||
| 245 | _aThe Family book : | ||
| 260 |
_aNew York : _b Scholastic Inc, _cc2007. |
||
| 300 |
_a182 cm. _bill. : _c24 cm. |
||
| 942 |
_2lcc _cHS |
||
| 999 |
_c10429 _d10429 |
||